[Event "HUN-chT2 Szechenyi 1011"]
[Site "Hungary"]
[Date "2011.04.17"]
[Round "9.7"]
[White "Bodocs, Richard"]
[Black "Kalmar, Miksa"]
[Result "0-1"]
[WhiteElo "1606"]
[BlackElo "1877"]
[PlyCount "106"]
[EventDate "2010.09.12"]
[EventType "team-tourn"]
[EventRounds "11"]
[EventCountry "HUN"]
[SourceTitle "EXT 2012"]
[Source "ChessBase"]
[SourceDate "2011.11.24"]
[SourceVersion "1"]
[SourceVersionDate "2011.11.24"]
[SourceQuality "1"]
[WhiteTeam "Baki Agrocentrum"]
[BlackTeam "HVSE Infraplan"]
[WhiteTeamCountry "HUN"]
[BlackTeamCountry "HUN"]

1. e4 Nf6 2. Nc3 d5 3. exd5 Nxd5 4. Nxd5 Qxd5 5. Nf3 Bg4 6. Be2 e5 7. d3 Bd6 8. 0-0 0-0 9. h3 Bh5 10. Re1 Nd7 11. b3 Rae8 12. Bb2 c5 13. Nh4 Bxe2 14. Qxe2 g6 15. Qf3 Qxf3 16. Nxf3 f6 17. Re2 b5 18. Rae1 Kf7 19. a3 a5 20. Re4 Nb6 21. g3 a4 22. Kg2 axb3 23. cxb3 Nd5 24. h4 Nc7 25. Kh2 Ne6 26. Kg2 Nd4 27. Nxd4 cxd4 28. Rc1 Rc8 29. Ree1 Ke6 30. f3 Kd5 31. b4 Rxc1 32. Rxc1 Rf7 33. Kf2 f5 34. Re1 Rc7 35. Re2 Bf8 36. Re1 Rc2+ 37. Re2 Rxe2+ 38. Kxe2 e4 39. f4 h6 40. Bc1 Bd6 41. Bd2 e3 42. Be1 Ke6 43. Kf3 Kf6 44. Ke2 g5 45. Kf3 Kg6 46. hxg5 hxg5 47. fxg5 Kxg5 48. g4 f4 49. Ke4 Kxg4 50. Kxd4 Kf3 51. Bc3 Ke2 52. Ke4 f3 53. Bd4 f2 0-1

[Event "HUN-chT U18"]
[Site "Miskolc"]
[Date "2010.11.04"]
[Round "5.14"]
[White "Kalmar, Miksa"]
[Black "Kaszas, Kristof"]
[Result "1/2-1/2"]
[WhiteElo "1877"]
[BlackElo "1797"]
[PlyCount "25"]
[EventDate "2010.11.02"]
[EventType "team-swiss"]
[EventRounds "8"]
[EventCountry "HUN"]
[SourceTitle "EXT 2016"]
[Source "ChessBase"]
[SourceDate "2015.10.08"]
[SourceVersion "1"]
[SourceVersionDate "2015.10.08"]
[SourceQuality "1"]

1. f4 d5 2. Nf3 Nf6 3. g3 c6 4. Bg2 e6 5. 0-0 Bc5+ 6. e3 0-0 7. d4 Bd6 8. Nbd2 Ng4 9. Re1 f5 10. h3 Nf6 11. b3 Ne4 12. Nxe4 fxe4 13. Nd2 1/2-1/2

[Event "HUN-chT U18"]
[Site "Miskolc"]
[Date "2010.11.04"]
[Round "4.10"]
[White "Ruck, Robert1111"]
[Black "Kalmar, Miksa"]
[Result "0-1"]
[WhiteElo "1894"]
[BlackElo "1877"]
[PlyCount "62"]
[EventDate "2010.11.02"]
[EventType "team-swiss"]
[EventRounds "8"]
[EventCountry "HUN"]
[SourceTitle "EXT 2016"]
[Source "ChessBase"]
[SourceDate "2015.10.08"]
[SourceVersion "1"]
[SourceVersionDate "2015.10.08"]
[SourceQuality "1"]

1. e4 Nf6 2. e5 Nd5 3. c4 Nb6 4. d4 d6 5. exd6 cxd6 6. Nc3 g6 7. Be3 Bg7 8. b3 0-0 9. Rc1 e5 10. Be2 Nc6 11. dxe5 dxe5 12. Nf3 Be6 13. 0-0 h6 14. Bc5 Re8 15. Nb5 f5 16. Bd6 e4 17. Nd2 a6 18. Bc7 Qd7 19. Bxb6 axb5 20. cxb5 Rxa2 21. bxc6 Qxd2 22. Qxd2 Rxd2 23. cxb7 Rxe2 24. Ba7 Be5 25. Rc6 Kf7 26. Rfc1 Ra2 27. Be3 Bd5 28. R6c5 Bxb7 29. g3 g5 30. Rc7+ Bxc7 31. Rxc7+ Re7 0-1

[Event "HUN-chT2 Szechenyi 1011"]
[Site "Hungary"]
[Date "2010.09.26"]
[Round "2.7"]
[White "Domotor, Jozsef"]
[Black "Kalmar, Miksa"]
[Result "1-0"]
[WhiteElo "2013"]
[BlackElo "1877"]
[PlyCount "99"]
[EventDate "2010.09.12"]
[EventType "team-tourn"]
[EventRounds "11"]
[EventCountry "HUN"]
[SourceTitle "EXT 2012"]
[Source "ChessBase"]
[SourceDate "2011.11.24"]
[SourceVersion "1"]
[SourceVersionDate "2011.11.24"]
[SourceQuality "1"]
[WhiteTeam "Zala Volan"]
[BlackTeam "HVSE Infraplan"]
[WhiteTeamCountry "HUN"]
[BlackTeamCountry "HUN"]

1. d4 f5 2. Nf3 Nf6 3. g3 g6 4. Bg2 Bg7 5. 0-0 0-0 6. c4 d6 7. Nc3 Qe8 8. b3 c6 9. Bb2 h6 10. Qd2 Nbd7 11. d5 c5 12. Nb5 Qd8 13. Nh4 a6 14. Nc3 Qe8 15. f4 Ng4 16. Nf3 Rb8 17. a4 g5 18. e3 Qg6 19. Rae1 Ngf6 20. Qc2 Nb6 21. Nd2 Na8 22. Ra1 Nc7 23. Qd3 b6 24. Ra2 g4 25. e4 fxe4 26. Ncxe4 Bf5 27. Nxf6+ Bxf6 28. Be4 Bxe4 29. Qxe4 Qxe4 30. Nxe4 Ne8 31. Bxf6 exf6 32. Re1 Kf7 33. Rae2 Rb7 34. Nf2 Ng7 35. Nxg4 h5 36. Ne3 Re7 37. Kf2 Rfe8 38. Nc2 Nf5 39. Rxe7+ Rxe7 40. Rxe7+ Nxe7 41. Ne3 f5 42. h3 Kg6 43. Kf3 Kf6 44. g4 hxg4+ 45. hxg4 fxg4+ 46. Kxg4 Kg6 47. f5+ Kh6 48. f6 Ng8 49. Kf5 Kh7 50. Ng4 1-0

[Event "Szombathely op-B"]
[Site "Szombathely"]
[Date "2010.07.30"]
[Round "6"]
[White "Kalmar, Miksa"]
[Black "Ivancic, Dario"]
[Result "1-0"]
[WhiteElo "1897"]
[BlackElo "1638"]
[PlyCount "93"]
[EventDate "2010.07.28"]
[EventType "swiss"]
[EventRounds "9"]
[EventCountry "HUN"]
[SourceTitle "EXT 2012"]
[Source "ChessBase"]
[SourceDate "2011.11.24"]
[SourceVersion "1"]
[SourceVersionDate "2011.11.24"]
[SourceQuality "1"]

1. e4 c5 2. Nf3 d6 3. d4 cxd4 4. Nxd4 Nf6 5. Nc3 a6 6. h3 e6 7. g4 h6 8. Bg2 Be7 9. 0-0 Qc7 10. Be3 Bd7 11. f4 Nc6 12. Qe2 e5 13. Nxc6 Bxc6 14. fxe5 dxe5 15. Nd5 Nxd5 16. exd5 Bb5 17. Qf2 Bxf1 18. Rxf1 f6 19. Bb6 Qd6 20. c4 Rc8 21. Rc1 Qc5 22. Bxc5 Bxc5 23. Qxc5 Rxc5 24. b4 Rc8 25. c5 Rc7 26. d6 Rc6 27. a4 Kd7 28. a5 Rb8 29. Rd1 Rcc8 30. Be4 Rd8 31. Kf2 Rh8 32. Bg6 Kc6 33. Ke3 Kb5 34. Rb1 Kc4 35. h4 Rhf8 36. Ke4 Kc3 37. Kd5 h5 38. gxh5 e4 39. Kxe4 Kc4 40. Kf5 Kd5 41. Re1 Kc4 42. Re4+ Kd5 43. Re7 Kc4 44. Re4+ Kd5 45. d7 Rfd8 46. Bf7+ Kc6 47. Be8 1-0

[Event "HUN-chT U18"]
[Site "Miskolc"]
[Date "2009.10.28"]
[Round "5.14"]
[White "Kalmar, Miksa"]
[Black "Ruboczki, Tibor"]
[Result "1/2-1/2"]
[WhiteElo "1881"]
[BlackElo "1712"]
[PlyCount "104"]
[EventDate "2009.10.26"]
[EventType "team-swiss"]
[EventRounds "8"]
[EventCountry "HUN"]
[SourceTitle "EXT 2016"]
[Source "ChessBase"]
[SourceDate "2015.10.08"]
[SourceVersion "1"]
[SourceVersionDate "2015.10.08"]
[SourceQuality "1"]

1. f4 d5 2. Nf3 g6 3. g3 Bg7 4. Bg2 Nf6 5. 0-0 c6 6. d3 Qb6+ 7. e3 0-0 8. Qe2 Bf5 9. h3 h5 10. Kh2 Re8 11. Nbd2 Na6 12. e4 dxe4 13. dxe4 Bd7 14. Nc4 Qc7 15. Nce5 Nh7 16. Bd2 Rad8 17. Bc3 Be6 18. Nd4 Nc5 19. Nxe6 Nxe6 20. Qc4 Bxe5 21. Bxe5 Qc8 22. f5 gxf5 23. exf5 Ng7 24. Qh4 f6 25. Bc3 Ng5 26. Rae1 Qc7 27. Qc4+ Kh8 28. h4 Nh7 29. Qf7 Rd7 30. Qc4 Rg8 31. Re3 Ne8 32. Qe2 Nd6 33. Rf4 Rg7 34. Qxh5 Rd8 35. Rg4 Rxg4 36. Qxg4 Rg8 37. Qf4 Qd7 38. g4 Rg7 39. Bh3 Nf7 40. g5 Nfxg5 41. hxg5 Nxg5 42. Rg3 Kg8 43. Qb8+ Kf7 44. Qh8 Rh7 45. Qxh7+ Nxh7 46. Rd3 Qc7+ 47. Kg2 Ng5 48. Bg4 Qf4 49. Bh5+ Kg7 50. Bg6 Qe4+ 51. Kf2 Qf4+ 52. Kg2 Qe4+ 1/2-1/2

[Event "Balatonalmadi Pannonia Cup 14th"]
[Site "Balatonalmadi"]
[Date "2009.08.01"]
[Round "5"]
[White "Kalmar, Miksa"]
[Black "Barat, Janos"]
[Result "1-0"]
[WhiteElo "1851"]
[BlackElo "2043"]
[PlyCount "81"]
[EventDate "2009.07.29"]
[EventType "swiss"]
[EventRounds "7"]
[EventCountry "HUN"]
[SourceTitle "EXT 2011"]
[Source "ChessBase"]
[SourceDate "2010.11.26"]
[SourceVersion "1"]
[SourceVersionDate "2010.11.26"]
[SourceQuality "1"]

1. e4 c5 2. Nf3 d6 3. d4 cxd4 4. Nxd4 Nf6 5. Nc3 g6 6. Be3 Bg7 7. f3 0-0 8. Qd2 Nc6 9. Bc4 Bd7 10. 0-0-0 Rc8 11. Bb3 Ne5 12. h4 Nc4 13. Bxc4 Rxc4 14. h5 b5 15. hxg6 fxg6 16. e5 dxe5 17. Ne6 Qa5 18. Nxf8 Bxf8 19. Ne4 Qxd2+ 20. Rxd2 Bf5 21. Nxf6+ exf6 22. g4 Be6 23. Rd8 g5 24. b3 Rc6 25. Bxa7 Kg7 26. Be3 Ba3+ 27. Kd2 Bb4+ 28. Kd1 Ra6 29. Rb8 Bd5 30. Rf1 Bc6 31. a4 Bd6 32. axb5 Ra1+ 33. Ke2 Rxf1 34. Kxf1 Bxf3 35. Rd8 Be7 36. Rd7 Kf8 37. b6 Bxg4 38. b7 Bxd7 39. b8Q+ Be8 40. c4 Kf7 41. b4 1-0

[Event "Balatonalmadi Pannonia Cup 14th"]
[Site "Balatonalmadi"]
[Date "2009.08.01"]
[Round "6"]
[White "Nemeth, Miklos1111"]
[Black "Kalmar, Miksa"]
[Result "1-0"]
[WhiteElo "2027"]
[BlackElo "1851"]
[PlyCount "75"]
[EventDate "2009.07.29"]
[EventType "swiss"]
[EventRounds "7"]
[EventCountry "HUN"]
[SourceTitle "EXT 2011"]
[Source "ChessBase"]
[SourceDate "2010.11.26"]
[SourceVersion "1"]
[SourceVersionDate "2010.11.26"]
[SourceQuality "1"]

1. e4 Nf6 2. Nc3 d5 3. e5 Ne4 4. Nxe4 dxe4 5. d4 exd3 6. Bxd3 Nc6 7. Qe2 e6 8. Nf3 Bd7 9. 0-0 Bc5 10. c3 Qe7 11. Re1 0-0-0 12. b4 Bb6 13. b5 Nb8 14. a4 Ba5 15. Ba3 Qe8 16. Rec1 b6 17. c4 c5 18. bxc6 Bxc6 19. c5 Kb7 20. cxb6 axb6 21. Bd6 Qd7 22. Nd4 Rc8 23. Nxc6 Nxc6 24. Ba6+ Ka7 25. Bxc8 Rxc8 26. Qb5 f6 27. Rc2 fxe5 28. Rac1 Kb7 29. Bxe5 g6 30. Bc3 Bxc3 31. Rxc3 Qd6 32. Rd3 Nd4 33. Rxc8 Nxb5 34. Rxd6 Nxd6 35. Rh8 h5 36. Rg8 b5 37. axb5 Nxb5 38. Rxg6 1-0

[Event "HUN-ch U14"]
[Site "Balatonlelle"]
[Date "2009.07.05"]
[Round "9"]
[White "Kalmar, Miksa"]
[Black "Csire, Bence"]
[Result "1/2-1/2"]
[WhiteElo "1855"]
[BlackElo "1771"]
[PlyCount "70"]
[EventDate "2009.06.27"]
[EventType "swiss"]
[EventRounds "9"]
[EventCountry "HUN"]
[SourceTitle "EXT 2011"]
[Source "ChessBase"]
[SourceDate "2010.11.26"]
[SourceVersion "1"]
[SourceVersionDate "2010.11.26"]
[SourceQuality "1"]

1. e4 e5 2. Nf3 Nc6 3. Bb5 a6 4. Ba4 Nf6 5. d4 exd4 6. 0-0 Be7 7. Re1 b5 8. Bb3 d6 9. Bd5 Bb7 10. Nxd4 Nxd5 11. Nxc6 Bxc6 12. exd5 Bb7 13. Bg5 f6 14. Be3 0-0 15. c4 b4 16. Qb3 a5 17. a3 c5 18. Nd2 a4 19. Qd3 b3 20. Nf3 Qd7 21. Bd2 Rfe8 22. Re6 Bf8 23. Rae1 Rxe6 24. dxe6 Qe8 25. Bf4 Rd8 26. e7 Bxe7 27. Qe3 Bxf3 28. Qxf3 Qf7 29. Qc6 Qxc4 30. Rxe7 Qxf4 31. Qd5+ Kh8 32. g3 Qg5 33. Qxd6 Rg8 34. Qe6 h6 35. Qc4 Rd8 1/2-1/2

[Event "HUN-ch U14"]
[Site "Balatonlelle"]
[Date "2009.07.03"]
[Round "7"]
[White "Kalmar, Miksa"]
[Black "Becskei, Zoltan"]
[Result "0-1"]
[WhiteElo "1855"]
[BlackElo "1907"]
[PlyCount "108"]
[EventDate "2009.06.27"]
[EventType "swiss"]
[EventRounds "9"]
[EventCountry "HUN"]
[SourceTitle "EXT 2011"]
[Source "ChessBase"]
[SourceDate "2010.11.26"]
[SourceVersion "1"]
[SourceVersionDate "2010.11.26"]
[SourceQuality "1"]

1. e4 c5 2. Nf3 Nc6 3. d4 cxd4 4. Nxd4 g6 5. c4 Nf6 6. Nc3 Nxd4 7. Qxd4 d6 8. Be3 Bg7 9. Be2 0-0 10. Qd2 Be6 11. f3 Qa5 12. Rc1 Rfc8 13. b3 a6 14. 0-0 b5 15. cxb5 axb5 16. Rfd1 Nd7 17. Nxb5 Rxc1 18. Qxc1 Qxa2 19. Bc4 Bxc4 20. Qxc4 Ne5 21. Qd5 Rc8 22. Nd4 Rc3 23. Bf2 Nd3 24. Rf1 Nxf2 25. Rxf2 Rc1+ 26. Rf1 Rxf1+ 27. Kxf1 Qa1+ 28. Ke2 Qxd4 29. Qxd4 Bxd4 30. Kd3 Bg1 31. h3 Kf8 32. Kc4 Ke8 33. Kb5 Kd7 34. Ka6 f5 35. b4 Kc6 36. b5+ Kc7 37. g4 fxe4 38. fxe4 e6 39. b6+ Bxb6 40. Kb5 d5 41. exd5 exd5 42. g5 Be3 43. h4 Bf2 44. Kb4 Bxh4 45. Kc5 Bxg5 46. Kxd5 h5 47. Ke4 Kd6 48. Kf3 Ke5 49. Kg3 Kf5 50. Kf3 h4 51. Kg2 Bd2 52. Kh3 Kf4 53. Kxh4 g5+ 54. Kh3 Kf3 0-1

[Event "HUN-ch U14"]
[Site "Balatonlelle"]
[Date "2009.06.30"]
[Round "4"]
[White "Kalmar, Miksa"]
[Black "Nagy, Zoltan5555"]
[Result "1/2-1/2"]
[WhiteElo "1855"]
[BlackElo "2023"]
[PlyCount "101"]
[EventDate "2009.06.27"]
[EventType "swiss"]
[EventRounds "9"]
[EventCountry "HUN"]
[SourceTitle "EXT 2011"]
[Source "ChessBase"]
[SourceDate "2010.11.26"]
[SourceVersion "1"]
[SourceVersionDate "2010.11.26"]
[SourceQuality "1"]

1. e4 e5 2. Nf3 Nc6 3. Bb5 a6 4. Ba4 Nf6 5. d4 exd4 6. 0-0 Be7 7. Re1 0-0 8. e5 Nd5 9. Bb3 Nb6 10. Nxd4 Nxd4 11. Qxd4 d6 12. exd6 Bxd6 13. Be3 Bf5 14. Rd1 Qe7 15. Bf4 Rad8 16. Nc3 Rfe8 17. Qe3 Qh4 18. Bg3 Bxg3 19. Qxg3 Qxg3 20. hxg3 Kf8 21. Kf1 Bg6 22. Rxd8 Rxd8 23. Rd1 Rxd1+ 24. Nxd1 Ke7 25. Ke2 a5 26. Nc3 Kd6 27. a3 c5 28. Na4 Nd7 29. Nc3 Ne5 30. f4 Ng4 31. Kf3 Nh6 32. g4 f5 33. g5 Nf7 34. g4 Nd8 35. gxf5 Bxf5 36. Nd1 Nc6 37. c3 b5 38. Ne3 Bd3 39. Bc2 Bxc2 40. Nxc2 g6 41. Ne3 Ke6 42. Ke4 Ne7 43. b3 Nf5 44. Nxf5 gxf5+ 45. Kd3 Kd5 46. c4+ bxc4+ 47. bxc4+ Ke6 48. Ke3 Kf7 49. Kf3 Kg6 50. Kg3 Kh5 51. Kh3 1/2-1/2

[Event "HUN-chT2 Asztalos 0809"]
[Site "Hungary"]
[Date "2009.01.11"]
[Round "5"]
[White "Kalmar, Miksa"]
[Black "Vincze, Arpad"]
[Result "0-1"]
[WhiteElo "1855"]
[BlackElo "1731"]
[PlyCount "82"]
[EventDate "2008.10.26"]
[EventType "team-tourn"]
[EventRounds "11"]
[EventCountry "HUN"]
[SourceTitle "EXT 2010"]
[Source "ChessBase"]
[SourceDate "2010.11.25"]
[SourceVersion "1"]
[SourceVersionDate "2010.11.25"]
[SourceQuality "1"]
[WhiteTeam "Szekszard/Decs II"]
[BlackTeam "Komlo"]
[WhiteTeamCountry "HUN"]
[BlackTeamCountry "HUN"]

1. e4 e5 2. Nf3 Nf6 3. d4 Nxe4 4. dxe5 d5 5. Bd3 Nc5 6. Be2 Be7 7. Nc3 c6 8. 0-0 0-0 9. b4 Ne4 10. Qd4 Qb6 11. Nxe4 dxe4 12. Qxe4 Qxb4 13. Qxb4 Bxb4 14. Bb2 Bg4 15. Bc4 Nd7 16. Rad1 Nb6 17. Bb3 Rad8 18. Rd4 Rxd4 19. Nxd4 c5 20. a3 Bd2 21. h3 Bh5 22. g4 Bg6 23. Rd1 Ba5 24. Nf5 c4 25. Ba2 h5 26. f4 Na4 27. Bd4 Rd8 28. Ne3 Bxc2 29. Nxc2 Nc3 30. Bxc4 Nxd1 31. e6 fxe6 32. Bxe6+ Kh8 33. gxh5 Rxd4 34. Nxd4 Bb6 35. Kf1 Bxd4 36. Ke2 Nb2 37. Kf3 Bc5 38. Kg4 Bxa3 39. Kg5 Nd3 40. f5 b5 41. h6 Bc1+ 0-1